000 00325nam a2200121Ia 4500
008 180205s9999 xx 000 0 und d
020 _a9781260083705
100 _aMason, Kenneth A.
245 _aUnderstanding biology /
250 _a2nd ed
260 _aNew york :
_bMc Graw Hill education
_c2018
300 _aiii, 995 pages
999 _c354910
_d354910